000 00343nam a2200133Ia 4500
008 240624s9999 xx 000 0 und d
041 _aeng
082 _a658.83 GRO
100 _aGRONBACH KENNETH W
245 _aUPSIDE PROFITING FROM THE PROFOUND DEMOG
260 _c2017
_aNew York
_bAmacom
300 _axi, 276 p.; 23 cm.
365 _c
_b35
999 _c31640
_d31640